000
00305nam a2200121Ia 4500
008
241015s9999 xx 000 0 und d
041
_a
eng
082
_a
658.8342 NEL
100
_a
Ariana Nelson
245
_a
Consumer Behavior
260
_b
Murphy & Moore Publishing
_a
USA
_c
2021
300
_a
237;. P. 24 cm
999
_c
41763
_d
41763